000 00549nam a2200193Ia 4500
003 OSt
005 20250124115458.0
008 210210b1956 xxu||||| |||| 00| 0 eng d
040 _cal
041 _aKannada
082 _a852/13
100 _aKRASHNARAYA (Aa Na)
_9148346
_dಕೃಷ್ಣರಾಯ (ಅ ನ ಕೃ)
245 _aSamadarshana
_bಸಮದರ್ಶನ
260 _aBengaluru
_bStandard Book Dipo
_c1956
650 _a Aa Na kru ಅ ನ ಕೃ
_9195175
690 _aKannada Prose
_9148348
906 _a018584
942 _2ddc
_cBK
999 _c142093
_d142093